Normal view
MARC view
Entry Topical Term
001 - CONTROL NUMBER
- control field: 43248
003 - CONTROL NUMBER IDENTIFIER
- control field: ARRUPE
005 - DATE AND TIME OF LATEST TRANSACTION
- control field: 20181102100604.0
008 - FIXED-LENGTH DATA ELEMENTS
- fixed length control field: 181102|| aca||aabn | a|a d
040 ## - CATALOGING SOURCE
- Original cataloging agency: ARRUPE
- Transcribing agency: ARRUPE
150 ## - HEADING--TOPICAL TERM
- Topical term or geographic name as entry element: Bible N.T. Mathew
- General subdivision: Meditations
670 ## - SOURCE DATA FOUND
- Source citation: Work cat.: (ARRUPE): Tshikendwa Matadi, Ghislain 43245, Seigneur, purifie mon coeur, 2006